Quizzes
Events
Quiz Creation
Community
Videos
Private Events
Remove Ads
Sign In
Join for FREE
Feedback
Dark Mode
Quiz Categories
Sports
Geography
Music
Movies
Television
Just For Fun
Miscellaneous
History
Literature
Language
Science
Gaming
Entertainment
Religion
Holiday
For Kids
Quiz Lab
Recent
Popular Today
Quiz Kudos Today
Editor Picks
Curator Picks
Quizzes by...
Day
Popularity
Type
Ratings
Length
Year
Community
Subscriptions
Recent Discussions
Orange Saloon
Badges
Playlists
Quests
Create
Leaderboards
Showdown
Live 5
Trivia Bingo
Activity
Puzzle Library
Sporcle Events
Private Events
Virtual Trivia
Globe League
Become a Host
Pub Owners
SporcleCon
Opinionation
Our Games
Videos
Blog
Mobile Apps
Partnerships
Remove Ads and Go Orange
Feedback
Music
Pop Music
The Beatles
Song
Album
Lyrics
Bands
Singers
Artist
Clip
Rock
Rap
Classical
Billboard
Country Music
Kpop
Taylor Swift
Music
Pop Music
The Beatles
Song
Album
Lyrics
Bands
Singers
Artist
Clip
Rock
Rap
Classical
Billboard
Country Music
Kpop
Taylor Swift
Random Quiz
Search Sporcle
×
Quiz Lab
Quiz Lab
Music
Kpop
Select answers by clicking on text or image buttons
Select answers by clicking on text or image buttons
Clickable
Best Score? Go Orange.
Match Kpop Leader to Group Stats
Can you match the Kpop Leader to their group correctly?
By
elizabethfaapena
5m
75 Questions
1,491 Plays
1,491 Plays
1,491 Plays
Comments
Comments
Give Quiz Kudos
Give Quiz Kudos
-
- Ratings
hide this ad
Forced Order
Answers have to be entered in order
Answers have to be entered in order
Replay
Link that replays current quiz
Next Quiz
Link to next quiz in quiz playlist
You Got
0%
They Got
Avg Score
39%
Avg Friend Score
Upgrade to see
Score Distribution
Jump to the score distribution portion of the page
Score
0/75
Timer
05:00
0
Plays Today
% Correct
Big Bang
92.8%
BTS
92%
Got7
88.4%
Red Velvet
87.7%
2ne1
85.6%
Super Junior
83.8%
Girls Generation
83.7%
Mamamoo
83%
Exo
82.8%
SHINee
80.9%
Monsta X
79.5%
IKON
78.1%
f(x)
77.9%
Seventeen
76%
Twice
67.1%
NCT
63.9%
BTOB
62.8%
AOA
62.2%
Infinite
60.9%
2pm
59.8%
K.A.R.D
59%
Nu'est
56.8%
Sistar
56.8%
EXID
56.3%
Astro
53.1%
Apink
52%
B.A.P
51.6%
Gfriend
46.1%
Tara
44.2%
2am
43.8%
Cosmic girls
42.1%
TVXQ
41.4%
Highlight
40.4%
B1A4
39.9%
Pentagon
39.8%
Teen top
39.7%
ioi
39.4%
VIXX
38%
% Correct
Lovelyz
36.5%
Girls day
35.5%
JYJ
33.7%
CLC
29%
H.O.T.
28.3%
fink.l
22.9%
Dal Shabet
22.2%
g.o.d.
21.3%
Oh My Girl
21.3%
JJCC
20.8%
MBLAQ
20.1%
KNK
19.8%
Spica
18%
24k
17.6%
SF9
17.6%
Ukiss
17.1%
Dreamcatcher
16.8%
Secret
16.2%
C-Clown
15.4%
Gugudan
14.8%
n.flying
11.9%
DIA
10.3%
myname
9.8%
BESTie
8.7%
DMTN
7.3%
ZE:A
6.6%
Bigflo
6.2%
8eight
6%
Berry Good
5.8%
Map6
5.4%
Ajax
5.2%
Badkiz
4%
GLAM
3.6%
Chocolat
3.6%
LedApple
2.1%
Year7 Class 1
2.1%
Tahiti
2.1%
Quiz Playlist
Details
Report
Send in Message
Add To Playlist
Clickable:
Select answers by clicking on text or image buttons
Forced Order:
Answers have to be entered in order
Last Updated: Jun 19, 2017
Quiz Scoreboard
CHALLENGE
Sign Up to Join the Scoreboard
Show All
Scores
Hide
Comments
May contain spoilers
Recently Published
Presidents Visiting Landmarks
by Hejman
History
7m
An Introduction to Baseball
by treessimontrees
Sports
5m
Movies - When Are They Set?
by FPL_Elf
Movies
5m
More to Explore
Quiz From the Vault
Featured Blog Post
Where Did the Easter Bunny Come From?
hide this ad
You Might Also Like...
Tags
Kpop Quiz
Boy Groups
BTS
Girl Groups
Got7
JYP
snsd
TVXQ
Today's Top Quizzes in Music
Browse Music
hide this ad
Today's Top Quizzes in Kpop
Browse Kpop
Top Contributed Quizzes in Music
1
Taylor Swift All Songs (2024)
2
Guess the Artist- 70s Songs
3
7-to-1: Billboard Hot 100 #1 Hits of 2010s
4
Sorting Albums and Songs
5
Taylor Swift Logic Puzzle
6
One Thing in Common: Music
7
2010s Album by Cover III
8
KPOP LOGIC QUIZ
9
Guess the Taylor Swift song (Mystery Song)
10
Guess the Artist- 80s Songs
Explore More
Trending Topics
Disney
Anime
Harry Potter
Kpop
NBA
Crossword
Marvel
Song
Puzzle
Country
The Office
Soccer
WWE
NFL
Pokémon
hide this ad
More By:
elizabethfaapena
Quiz
Plays
Rating
Category
Featured
Created
Match Kpop Leader to Group
1,491
4.56
Music
Apr 4, 2017
Go to Creator's Profile
Score Distribution
Quiz Creator Spotlight
elizabethfaapena
Follow
Send a Message
Quizzes Created
-
Created Quiz Play Count
-
More By This Creator
Popular Quizzes Today
1
Find the US States - No Outlines Minefield
2
Find the Countries of Europe - No Outlines Minefield
3
The Countries of the World
4
Find the US States
5
Popular People in 1961
6
US States
7
Risky Map Clicking: Biggest States A-Z
8
Movies - When Are They Set?
More Music Quizzes
Did the Beatles Write It?
Published
Trending Quizzes
Risky Map Clicking: Least Populous States A-Z
1-10 Letter G Words
1-10 Letter F Words
Risky Map Clicking: Next State Alphabetically
Risky Map Clicking: Biggest States A-Z
Recently Updated
Leaping Animals
pecheneg
Reality TV Shows (A-Z)
bhenderson79
Rickey Henderson's Hall of Fame Teammates
pecheneg
Champions League XIs: Arsenal
pecheneg
Quick Pick: Celebrities in WWE's Hall of Fame
aduchscher
A-Z Keypad Blitz II
pecheneg
Multiple Oscar Actors
pecheneg
Mystery Phrase Blitz: Oscar 'Best Actors'
pecheneg
F. Scott Fitzgerald Novels
LTH
Pick 3 Villains
ddd62291
Trending Topics
Marvel
Anime
Crossword
Disney
Harry Potter
Kpop
NBA
WWE
Puzzle
The Office
NFL
Soccer
Song
Country
Pokémon
Your Account Isn't Verified!
In order to create a playlist on Sporcle, you need to verify the email address you used during registration. Go to your
Sporcle Settings
to finish the process.
Report this User
Report this user for behavior that violates our
Community Guidelines
.
Details:
Send Report
Go to the Sporcle.com Mobile Site →
Comments